Mergers and Acquisitions of Franchise companies

Detalles Bibliográficos
Autor principal: Vines, Leonard D.
Otros Autores: Noyes, Christina M.
Formato: eBook
Lenguaje:inglés
Publicado: Chicago: American Bar Association, 2014
Materias:
Acceso en línea:Acceso restringido

MARC

LEADER 00000nam a22000007a 4500
005 2021030105335.0
007 cr|||| ||||
008 210301s2014 us |||||s|||| 00||0 eng d
020 |a 978-1-62722-531-1 
035 |a 33080 
040 |a vLex 
090 |c 11314  |d 11314 
100 1 |a Vines, Leonard D. 
245 1 0 |a Mergers and Acquisitions of Franchise companies  |h [Recurso electrn̤ico] /  |c Leonard D. Vines, Christina M. Noyes 
256 |a Servicio en ln̕ea 
260 |a Chicago:  |b American Bar Association,  |c 2014 
300 |a 1 recurso electrn̤ico 
506 1 |a Disponible solo en los productos indicados  |d vLex Global  |d vLex Global (Academic Edition, excluding Law Schools)  |d vLex Global (Academic Edition, Law Schools) 
650 0 4 |a Derecho Mercantil y de la Empresa  |z Estados Unidos 
700 1 |a Noyes, Christina M. 
740 0 |a vLex Libros (Servicio en ln̕ea) 
856 4 0 |u http://vlex.com/source/mergers-acquisitions-franchise-companies-33080  |z Acceso restringido 
942 |c BOOK 
999 0 |a Commercial and Company Law